| 000 | 00749nas a2200265Ia 4500 | ||
|---|---|---|---|
| 001 | db12-32544 | ||
| 003 | IT-MiCISF | ||
| 008 | 161014c99999999xx |||||||||||| ||und|| | ||
| 040 |
_aIT-MiCISF _cIT-MiCISF |
||
| 041 | _aITALIANO | ||
| 100 | _aDoldi Marco | ||
| 210 | _aPanorama della sanità | ||
| 222 | _aPanorama della sanità | ||
| 245 | 0 | _aE' nascosto ma è aborto | |
| 250 | _a1a ed. | ||
| 260 | _c2000 | ||
| 501 |
_bCISF - Centro Internazionale Studi Famiglia - Via Giotto, 36 20145 MILANO (non commercial uses only) _cCopyright 2016 |
||
| 300 | _app. 36-37 | ||
| 362 | _an. 41 [2000] | ||
| 500 | _aTema: aborto, contraccezione | ||
| 650 |
_aaborto _vvario |
||
| 700 | _aAA.VV. | ||
| 942 | _cCR | ||
| 957 | _71 | ||
| 999 |
_a32544 _bSi _g1 _c242106 _d242106 |
||